E.R. - Name the episode #9 - Statistics

General Stats
  • This quiz has been taken 6 times
  • The average score is 12 of 24
Answer Stats
Hint Answer % Correct
First day at County 24 Hours / Pilot
100%
Became mentor to Rachel Greene And in the End...
100%
Met Kem Makemba
100%
Ran the ER during a toxic spill Exodus
75%
Was send to rehab by Benton May Day
75%
Lost his baby Midnight
75%
Read Dr Greene's last letter The Letter
75%
Left County The Show Must Go On
75%
Got stabbed with Lucy Be Still My Heart
50%
Worked in Darfur with Pratt Darfur
50%
Buried his grand-father Four Corners
50%
First white coat John Carter, MD
50%
Went to Africa Kisangani
50%
Kissed Abby for the first time Lockdown
50%
Almost went to jail Obstruction of Justice
50%
Went to Paris Carter est amoureux
25%
Saved his cousin from an overdose My Brother's Keeper
25%
Got a new liver Old Times
25%
Quit surgery One More for the Road
25%
Did a rotation with the paramedics Sticks and Stones
25%
Shaved his first beard Stuck on You
25%
Came back to County The Beginning of the End
25%
Almost relapsed The Greatest of Gifts
25%
Buried his grand-mother Foreign Affairs
0%
No matching quizzes found
Score Distribution
Percent of People with Each Score
Percentile by Number Answered
Your Score History
You have not taken this quiz